Statistics for All Stat Holidays in Canada

Click here to take the quiz!

General Stats

  • This quiz has been taken 14 times
  • The average score is 11 of 22

Answer Stats

Day ObservedObservanceHoliday% Correct
December 26ONBoxing Day
100%
July 1NationwideCanada Day
100%
December 25NationwideChristmas Day
100%
Second Monday in OctoberNationwide except NB, NS, PE, NLThanksgiving
100%
Monday after Easter SundayQCEaster Monday
86%
Friday before Easter SundayNationwide except QCGood Friday
86%
January 1NationwideNew Year's Day
86%
First Monday of SeptemberNationwideLabour Day
71%
Third Monday in FebruaryBC, AB, SK, ON, NBFamily Day
57%
September 30NationwideNational Day for Truth and Reconciliation
57%
November 11Nationwide except ON, QC, NS, NLRemembrance Day
57%
June 24QCFête Nationale
29%
Third Monday in FebruaryPEIslander Day
29%
Monday preceding May 25Nationwide except NB, NS, PE, NLVictoria Day
29%
First Monday in AugustAB, BC, SK, ON, NB, NUCivic Holiday
14%
June 24NLDiscovery Day
14%
Third Monday in FebruaryNSHeritage Day
14%
Third Monday in FebruaryMBLouis Riel Day
14%
June 21NTNational Aboriginal Day
14%
July 9NTNunavut Day
14%
March 17NLSt. Patrick's Day
14%
April 23NLSt. George's Day
0%

Score Distribution

Percentile by Number Answered

Percent of People with Each Score

Your Score History

You have not taken this quiz